=LDR 00000nam 2200000 4500 =001 INLIS000000000042638 =005 20230911083916 =035 ##$$a 0010-101300000000560 =008 230911###########################0###### =041 ##$$a Ind =082 ##$$a 362.11 =090 ##$$a 362.11, Boy a =100 ##$$a Boy S. Sabarguna =245 1#$$a Atlas Of The New Trend In Decision Support System For Hospital /$c Dr. dr. H. Boy S. Sabarguna, MARS =260 ##$$a Jakarta :$b Sagung Seto,$c 2008 =300 ##$$a ii, 131 hlm ; $c 25 cm =650 #4$$a Rumah Sakit =850 ##$$a NBPNMAT =020 ##$$a 978-979-3288-46-8 =084 ##$$a 362.11 BOY a =990 ##$$a 09530953 =990 ##$$a 09530953 =990 ##$$a 09530953 =990 ##$$a 09530953 =990 ##$$a 21300869 =990 ##$$a 1201001766 =990 ##$$a 1201001767 =990 ##$$a 1201001768 =990 ##$$a 21300866 =990 ##$$a 1201001766 =990 ##$$a 1201001767 =990 ##$$a 21300869 =990 ##$$a 21300868 =990 ##$$a 1201001766 =990 ##$$a 21300866 =990 ##$$a 21300869 =990 ##$$a 21300867 =990 ##$$a 21300868 =990 ##$$a 21300866 =990 ##$$a 21300869